Non-production functions of soil in the relation to classification of the antroposoils

Bibliographic Details
Main Author: Kolény, Mladen, 1951-2007 (Author)
Format: Article
Language:Slovak
English
ISSN:1336-1120
Subjects:

MARC

LEADER 00000nab a2200000 a 4500
001 vtls008422476
003 SK-MaSNL
005 20260304142050.0
008 250505c2003 xo fr|p|||||||000 b|slo
015 |a SNBRB2006/01  |2 snkbucl 
035 |a (uuid)e2475188-2fe5-44b9-ad39-fcf18216cba2 
035 |a urn:nbn:sk:snk-abwf9 
035 |a (urnnbn)urn:nbn:sk:snk:ar-a051nw 
038 |a SNKBUCL 
040 |a SNKBUCL  |b slo  |c SNKBUCL  |e AACR2 
041 0 |a eng  |b eng  |b slo 
044 |a xo  |c SK 
080 |a 631.4:504  |2 1997 
080 |a 631.44  |2 1997 
080 |a 504.53  |2 1997 
080 |a 911.2  |2 1997 
100 1 |a Kolény, Mladen,  |d 1951-2007  |4 aut  |9 191081 
245 1 0 |a Non-production functions of soil in the relation to classification of the antroposoils  |c Mladen Kolény 
504 |a Bibliogr. odkazy 
546 |a Res. angl., slov. 
650 0 7 |a pôda  |2 snkbucl  |9 1159 
650 0 7 |a úrodnosť pôdy  |2 snkbucl  |9 106220 
650 0 7 |a rastlinná výroba  |2 snkbucl  |9 2835 
650 0 7 |a produkčné funkcie  |2 snkbucl  |9 74645 
650 0 7 |a mimoprodukčné funkcie  |2 snkbucl  |9 82352 
650 0 7 |a antropogénne pôdy  |2 snkbucl  |9 1303328 
650 0 7 |a klasifikácia pôd  |2 snkbucl  |9 255006 
773 0 |t Phytopedon : journal of soil science  |g Vol. 2, [no.] 2 (2003), s. 129-133  |x 1336-1120 
850 |a Slovenská národná knižnica 
852 |a Slovenská národná knižnica 
958 |a article27 
958 |a NB 
958 |a OND 
958 |a EUIPO 
999 |c 2920313  |d 2922243